La familia ante los problemas de la hora actual: basada en la encíclica Mater et Magistra y la pastoral de los obispos de Chile: el deber social y político en la hora presente
Guardado en:
| Autor Corporativo: | |
|---|---|
| Formato: | Libro |
| Lenguaje: | español |
| Publicado: |
Santiago
Movimiento Familiar Cristiano
1963
|
| Materias: | |
| Etiquetas: |
Agregar Etiqueta
Sin Etiquetas, Sea el primero en etiquetar este registro!
|
MARC
| LEADER | 00000nam a2200000 a 4500 | ||
|---|---|---|---|
| 001 | UCL4138 | ||
| 003 | CL-VaPUC | ||
| 008 | 031231e19630000CL |||||||||||||||||spa|d | ||
| 082 | 0 | 4 | |a 268 |b MOV |2 21 |
| 110 | 2 | |a Movimiento Familiar Cristiano |e author |9 481681 | |
| 245 | 1 | 3 | |a La familia ante los problemas de la hora actual: basada en la encíclica Mater et Magistra y la pastoral de los obispos de Chile: el deber social y político en la hora presente |
| 300 | |a 100 p | ||
| 942 | |c BK | ||
| 945 | |d 20031231 00:00:00 |a rbrito | ||
| 260 | |a Santiago |b Movimiento Familiar Cristiano |c 1963 | ||
| 650 | 7 | |a CATEQUESIS FAMILIAR |2 CL-VaPUC |9 481682 | |
| 650 | 7 | |a CATEQUISTAS |2 CL-VaPUC |9 481683 | |
| 650 | 0 | |a Familias |9 255641 | |
| 650 | 7 | |a LITURGIA |2 CL-VaPUC |9 481684 | |
| 650 | 0 | |a Doctrina social de la iglesia |9 257333 | |
| 650 | 0 | |a Teología social |9 326726 | |
| 583 | |a last modification |c 20031231 00:00:00 |k Rodrigo Vera | ||
| 999 | |c 307080 |d 307078 | ||
| 952 | |0 0 |1 2 |4 0 |6 268_000000000000000_MOV_1963 |7 0 |8 A |9 372565 |a BIBTEO |b BIBTEO |d 2019-11-21 |i 2086689 |o 268 MOV 1963 |p 2086689 |r 2019-11-21 |w 2019-11-21 |x Descarte 2019 |y BK |k ICR | ||